01176nab a22002537a 4500003000400000005001700004008004100021040000700062100002100069245011000090260007300200300001500273500003800288505012200326505013700448505008200585650001800667650001800685650001100703650000900714650001800723650003200741773014900773OSt20251218083433.0190429b xxu||||| |||| 00| 0 spa d cPJ aPravia, Alberto 10aLibertad probatoria, hecho y prueba con acertado decisorio y equívoco encuadre legal /cAlberto Pravia. cCiudad Autónoma de Buenos Aires :aThomson Reuters La Ley, b2025. ap. 132-139 aCita: TR LALEY AR/DOC/410/2025.  aFallo comentado: Trib. Impugnación Penal, Santa Rosa, Sala B ~ 22/08/2024 ~ B., E. J. s/ recurso de Impugnación. aFallo comentado: CS ~ 28/05/2024 ~ Maidana, Karina de Lourdes y otros s/ sup/ robo calificado —capital— expte N.º 8768 C.C.1. tSi te interesa el texto completo, solicitalo a koha@justierradelfuego.gov.ar  0aDERECHO PENAL 0aPROCESO PENAL 0aPRUEBA 0aROBO 0aARMA DE FUEGO 0aREGLAS DE LA SANA CRÍTICA0 02658tRevista de derecho penal y criminología. Nº 3 - Abril 2025dCiudad Autónoma de Buenos Aires : Thomson Reuters La Ley, 2017-x00347914